000 00503nam a22001577a 4500
999 _c8746
_d8746
003 AR-CdUCM
008 190325b ||||| |||| 00| 0 spa d
040 _aMUNICIPALIDAD PROVINCIAL DEL CUSCO
_cBIBLIOTECA MUNICIPAL DEL CUSCO
082 _a869.56 /
_bG317
100 _aGaviria Astete, Edgar
_924407
245 _a"La niña Noe" :
_bHistoria de una familia andina 1922-1930 /
300 _a248 páginas ;
_c20 cm.
_elaminas.
650 _aLiteratura cusqueña.
_9164
942 _2ddc
_cLIBROS
945 _awfj